Place names ending in "go" - Statistics

General Stats
  • This quiz has been taken 28 times
  • The average score is 5 of 16
Answer Stats
Clue Geographical entity % Correct
The Chilean capital city Santiago
96%
Mighty river and country in Africa Congo
89%
Another country in Africa Togo
89%
Southern Caribbean island in the Lesser Antilles Tobago
74%
Wisconsin lake and brand of RV Winnebago
52%
River ending in a delta in Botswana adjoining the Kalahari desert Okavango
30%
Region of southern New Zealand, where Dunedin is located Otago
30%
Mexican state, and town in the mountains of Colorado Durango
22%
Island where the southernmost town in the world is found Tierra del Fuego
22%
Papuan island group including New Britain Bismarck Archipelago
11%
Uruguayan region whose name means "long peak" Cerro Largo
7%
Mexican state Hidalgo
7%
Angolan province Cubango
4%
Island of Cape Verde Fogo
4%
Large body of water in Kenya Lake Baringo
4%
S.E. Zimbabwean city (and province); formerly Fort Victoria Masvingo
4%
No matching quizzes found
Score Distribution
Percent of People with Each Score
Percentile by Number Answered
Your Score History
You have not taken this quiz